01373nam a2200157Ia 4500008004100000020001800041050002000059100004000079245006500119250002000184260003600204300003800240504003400278505085900312650004401171120625s2008 mx 001 0 spa d a9786079000141 4aK164 bA73 20081 aArellano García, Carlose , autor10aDerecho internacional privado c / Carlos Arellano García  a17a. edición  aMéxicob : Porrúa c , 2008 axxxi, 1037 páginas c ; 24 cm.  aBibliografía: pp. 1021-10250 aNociones generales Caracterización del derecho internacional privado Fuentes del derecho internacional privado La nacionalidad El concepto de nacionalidad Antecedentes histórico-legislativos de la nacionalidad en México La nacionalidad mexicana en el derecho vigente Nacionalidad de las personas morales y de las cosas Condiciones de extranjeros Nociones doctrinales acerca de la condición de extranjeros Bosquejo histórico de la condición de extranjero en México La condición del extranjero en el derecho vigente mexicano Internación y estancia del extranjero en México Régimen de propiedad del extranjero en México Las inversiones extranjeras en México Aspectos económicos y Régimen jurídico de la tecnología La condición jurídica de las sociedades extranjeras en México Los conflictos de leyes  4aDERECHO INTERNACIONAL PRIVADOzMÉXICO